Culture Générale - Série 748 - Statistiques

Statistiques générales
  • Ce quiz a été pris 385 fois
  • Le résultat moyen est 6 sur 10
Statistiques - réponses
Question Réponse % Correct
Sur la poitrine de quel animal rimant avec "peinard" prélève-t-on le magret ? canard
96%
Quel mot, commençant par la lettre "a", est synonyme de "contrepoison" ? antidote
86%
De quel mot provient l'abréviation "transat", qui désigne une chaise longue pliante ? transatlantique
71%
Complétez le titre du roman d'Honoré de Balzac, "La peau de ... chagrin
64%
A quel écrivain doit-on l'oeuvre : "Mémoires d'outre-tombe" ? François-René de Chateaubriand
61%
Quel petit furoncle sur le bord de la paupière, de la grosseur d'un grain d'orge, est aussi appelé "chalazion" ou "compère-loriot" ? orgelet
55%
Complétez le titre du film réalisé en 2003 par Éric Lartigau, "Mais qui a tué ... Pamela Rose
55%
Quelle déesse grecque de la terre cultivée, qui apporte le blé et assure l'abondance des récoltes, est la mère de Perséphone, enlevée par le dieu Hadès ? Déméter
41%
Dans quelle province de Belgique se trouve Charleroi ? Hainaut
13%
Dans les années 70, quel humoriste adapte pour un sketch la fable "La Cigale et la fourmi " en terminant par : "tu bouffes, tu bouffes pas, tu crèves quand-même" ? Pierre Péchin
9%
Aucun quiz correspondant
Distribution des résultats
% des personnes avec chaque résultat
Percentile par nombre de réponses
Votre historique - résultats
Vous n’avez pas pris ce quiz